Statistics for Leicester City F.C. 2018/2019 Squad

Click here to take the quiz!

General Stats

  • This quiz has been taken 23 times
    (9 since last reset)
  • The average score is 18 of 30

Answer Stats

No.Answer% Correct
5Jamaica (DF)Wes Morgan
100%
1Denmark (GK)Kasper Schmeichel
100%
9England (FW)Jamie Vardy
100%
3England (DF)Ben Chilwell
86%
6Northern Ireland (DF)Jonny Evans
86%
8Belgium (MF)Youri Tielemans
86%
10England (MF)James Maddison
86%
-Northern Ireland (MAN)Brendan Rodgers
71%
14Nigeria (FW)Kelechi Iheanacho
71%
21Portugal (DF)Ricardo Pereira
71%
17Spain (FW)Ayoze Pérez
71%
15England (MF)Harvey Barnes
71%
11England (MF)Marc Albrighton
71%
4Turkey (DF)Çağlar Söyüncü
71%
26Belgium (MF)Dennis Praet
57%
13Algeria (FW)Islam Slimani
57%
28Austria (DF)Christian Fuchs
57%
12Wales (GK)Danny Ward
43%
7England (MF)Demarai Gray
43%
18Ghana (DF)Daniel Amartey
43%
20England (MF)Hamza Choudhury
43%
2England (DF)James Justin
43%
24France (MF)Nampalys Mendy
43%
25Nigeria (MF)Wilfred Ndidi
43%
31Algeria (MF)Rachid Ghezzal
29%
22England (MF)Matty James
29%
27Mali (FW)Fousseni Diabaté
29%
23Portugal (MF)Adrien Silva
29%
16Croatia (DF)Filip Benković
29%
35Switzerland (GK)Eldin Jakupović
29%

Score Distribution

Percentile by Number Answered

Percent of People with Each Score

Your Score History

You have not taken this quiz since the last reset